000 00878nam a2200253 i 4500
001 75115
003 ES-MaACL
005 20250927103015.0
007 t|
008 040922s1906 fr ||||1| fre d
100 1 _aGor'kiï, Maksim.
_959128
245 1 4 _aLes déchus
_b: ; Le ménage Orlov ; Les ex-hommes /
_cMáximo Gorki (seud.) ; traduits par S. Kikina et P.G. Chesnais.
250 _a5ème ed.
260 _aParis :
_bSociété du Mercure de France,
_c1906 (
_ePoitiers :
_fBlais et Roy)
300 _a271 p., 1 lám. :
_bretr. aut. ;
_c19 cm.
490 1 _aCollection d'auteurs étrangers
700 1 _aKikina, S.
_968023
700 1 _aLa Chesnais, Pierre Georget,
_d1865-1948
_970386
740 3 _aLe ménage Orlov.
740 4 _aLes ex-hommes.
830 0 _aCollection d'auteurs étrangers
_9183465
852 _aES-MaACL
_jF-9542
999 _c75115
_d75115